[Event "ICS Rated blitz match"]
[Site "freechess.org"]
[Date "2003.09.12"]
[Round "?"]
[White "kotyara"]
[Black "Andrzej"]
[Result "1-0"]
[WhiteElo "1732"]
[BlackElo "1669"]
[PlyCount "73"]

1. e4 e6 2. d4 d5 3. Nd2 dxe4 4. Nxe4 Nf6 5. Bg5 Be7 6. Bxf6 gxf6 7. Nf3 Nc6 8.
c3 Bd7 9. Bd3 Bd6 10. Qe2 f5 11. Nxd6+ cxd6 12. Bxf5 Qf6 13. Bd3 O-O-O 14.
O-O-O h6 15. Kb1 Rhg8 16. g3 Kb8 17. Nd2 Rc8 18. Ne4 Qe7 19. f4 f5 20. Nd2 Qd8
21. Nc4 Qc7 22. Rhe1 a6 23. Ne3 b5 24. d5 Na5 25. dxe6 Bxe6 26. Nxf5 Rge8 27.
Qc2 Nc4 28. Nd4 Bd5 29. Qf2 b4 30. Rxe8 Rxe8 31. cxb4 Ne3 32. Rc1 Qb6 33. Nf5
Qxb4 34. Nxe3 Be4 35. Bxe4 Qxe4+ 36. Nc2 Qe2 37. Qb6+ {Andrzej resigns} 1-0

[Event "ICS rated blitz match"]
[Site "freechess.org"]
[Date "2003.09.12"]
[Round "?"]
[White "Andrzej"]
[Black "GriffyJr"]
[Result "0-1"]
[WhiteElo "1674"]
[BlackElo "1832"]
[PlyCount "88"]

1. e4 e5 2. Nf3 d6 3. Bc4 Bg4 4. h3 Bd7 5. c3 b5 6. Bb3 Nc6 7. d4 exd4 8. cxd4
Be7 9. O-O Nf6 10. Nc3 O-O 11. Re1 Na5 12. Bc2 Nc4 13. b3 b4 14. Nd5 Nxd5 15.
exd5 Nb6 16. Qd3 f5 17. Bf4 Re8 18. Re2 Nxd5 19. Qc4 c6 20. Rae1 Kh8 21. Bg3
Nc3 22. Re3 d5 23. Qd3 Nxa2 24. Ne5 Kg8 25. Nxd7 Qxd7 26. Re6 Bf6 27. Qxf5 Rxe6
28. Rxe6 Bxd4 29. Qxh7+ Kf8 30. Bd6+ Kf7 31. Qg6+ Kg8 32. Re7 Bxf2+ 33. Kh1
Qxe7 34. Bxe7 Rb8 35. Bf5 Be3 36. Be6+ Kh8 37. Bf6 gxf6 38. Qxf6+ Kh7 39. Qf7+
Kh6 40. Bf5 Kg5 41. Qg6+ Kf4 42. Qg4+ Ke5 43. Qg7+ Kxf5 44. g4+ 44... Ke6 {
Andrzej forfeits on time} 0-1

[Event "ICS rated blitz match"]
[Site "freechess.org"]
[Date "2003.09.12"]
[Round "?"]
[White "Andrzej"]
[Black "mastak"]
[Result "1-0"]
[WhiteElo "1637"]
[BlackElo "1684"]
[PlyCount "57"]

1. e4 e5 2. Nf3 Nc6 3. Bc4 Nf6 4. d4 exd4 5. e5 d5 6. exf6 dxc4 7. fxg7 Bxg7 8.
O-O O-O 9. Re1 Bg4 10. h3 Bh5 11. g4 Bg6 12. Nbd2 b5 13. Ne4 Re8 14. Ng3 Rxe1+
15. Qxe1 Nb4 16. Qxb4 a6 17. Bg5 Qd5 18. Kg2 Bxc2 19. Re1 c5 20. Qd2 Bg6 21.
Qf4 d3 22. Kh2 Bxb2 23. Bf6 Bxf6 24. Qxf6 d2 25. Rd1 c3 26. Nf5 Bxf5 27. gxf5
Qxf3 28. Rg1+ Kf8 29. Qd6+ {mastak resigns} 1-0

[Event "ICS rated blitz match"]
[Site "freechess.org"]
[Date "2003.09.12"]
[Round "?"]
[White "mastak"]
[Black "Andrzej"]
[Result "0-1"]
[WhiteElo "1675"]
[BlackElo "1649"]
[PlyCount "44"]

1. e4 e6 2. Nf3 d5 3. exd5 exd5 4. d4 Nf6 5. c4 Bg4 6. Nc3 Bb4 7. a3 Bxc3+ 8.
bxc3 O-O 9. Be2 Re8 10. O-O Ne4 11. Qc2 Nxc3 12. Qxc3 Rxe2 13. Ne5 Qh4 14. h3
Bh5 15. cxd5 f6 16. d6 fxe5 17. dxc7 Nc6 18. d5 Rf8 19. Be3 Bf3 20. gxf3 Qxh3
21. dxc6 Rxf3 22. Qc4+ 22... Kh8 {mastak forfeits on time} 0-1

[Event "ICS rated blitz match"]
[Site "freechess.org"]
[Date "2003.09.12"]
[Round "?"]
[White "GriffyJr"]
[Black "Andrzej"]
[Result "1/2-1/2"]
[WhiteElo "1835"]
[BlackElo "1670"]
[PlyCount "59"]

1. e4 e6 2. d4 d5 3. exd5 exd5 4. Bb5+ c6 5. Be2 Nf6 6. Nc3 Bd6 7. Nf3 O-O 8.
O-O Bg4 9. h3 Bh5 10. Re1 Nbd7 11. Bg5 Qc7 12. Qd2 Rae8 13. Rad1 Ne4 14. Qe3 f6
15. Bh4 g5 16. g4 Bf4 17. Qd3 gxh4 18. gxh5 Kh8 19. Nxh4 Rg8+ 20. Bg4 Bh2+ 21.
Kf1 Nxf2 22. Kxf2 Qf4+ 23. Kg2 Rxg4+ 24. hxg4 Qxg4+ 25. Kxh2 Qxh4+ 26. Qh3 Qf2+
27. Qg2 Qh4+ 28. Qh3 Qf2+ 29. Qg2 Qh4+ 30. Qh3 {Game drawn by repetition}
1/2-1/2

[Event "ICS rated blitz match"]
[Site "freechess.org"]
[Date "2003.09.12"]
[Round "?"]
[White "Andrzej"]
[Black "tdemedts"]
[Result "1-0"]
[WhiteElo "1663"]
[BlackElo "1717"]
[PlyCount "21"]

1. e4 d5 2. exd5 Nf6 3. Nc3 Nxd5 4. Nxd5 Qxd5 5. Nf3 Nc6 6. d4 Bf5 7. c4 Qe4+
8. Be3 O-O-O 9. Ng5 Qh4 10. g3 Qg4 11. Be2 {tdemedts resigns} 1-0

[Event "ICS rated blitz match"]
[Site "freechess.org"]
[Date "2003.09.17"]
[Round "?"]
[White "goatrance"]
[Black "Andrzej"]
[Result "0-1"]
[WhiteElo "1621"]
[BlackElo "1667"]
[PlyCount "54"]

1. e4 e6 2. d3 d5 3. Nc3 dxe4 4. Nxe4 Nf6 5. Qe2 Nxe4 6. Qxe4 Nc6 7. g3 Bc5 8.
c3 Bd7 9. d4 Bd6 10. Nh3 Qe7 11. Bg2 O-O 12. O-O Na5 13. f4 Bc6 14. Qd3 Bxg2
15. Kxg2 c5 16. Be3 cxd4 17. Bxd4 Rad8 18. Qe3 Nc6 19. Bxa7 Nxa7 20. Qxa7 Bc5
21. Qa4 Rd2+ 22. Nf2 Rfd8 23. Rad1 Rxb2 24. Rxd8+ Qxd8 25. Qc4 b6 26. Kf3 Qd2
27. Ng4 27... Qg2# {goatrance checkmated} 0-1

[Event "ICS rated blitz match"]
[Site "freechess.org"]
[Date "2003.09.17"]
[Round "?"]
[White "capablancachess"]
[Black "Andrzej"]
[Result "0-1"]
[WhiteElo "1855"]
[BlackElo "1739"]
[PlyCount "44"]

1. d4 d5 2. Nf3 Nf6 3. e3 g6 4. c4 e6 5. Nc3 Bg7 6. Bd3 O-O 7. O-O Nbd7 8. b3
c6 9. Ba3 Re8 10. Re1 e5 11. dxe5 Nxe5 12. Nxe5 Rxe5 13. Bb2 Re8 14. Be2 Ne4
15. Qc1 Qh4 16. Nxe4 dxe4 17. Bxg7 Kxg7 18. Qb2+ Kg8 19. Rad1 Bg4 20. Bxg4 Qxg4
21. Rd4 Rad8 22. Red1 22... Qxd1+ {capablancachess resigns} 0-1

[Event "ICS rated blitz match"]
[Site "freechess.org"]
[Date "2003.09.17"]
[Round "?"]
[White "Andrzej"]
[Black "Benkku"]
[Result "1-0"]
[WhiteElo "1716"]
[BlackElo "1735"]
[PlyCount "57"]

1. e4 c5 2. Nc3 d6 3. g3 g6 4. Bg2 Bg7 5. f4 Nf6 6. Nf3 O-O 7. O-O e6 8. d3 Nc6
9. h3 Rb8 10. g4 Bd7 11. g5 Ne8 12. h4 Nd4 13. h5 Nxf3+ 14. Qxf3 e5 15. h6 Bh8
16. f5 f6 17. fxg6 hxg6 18. Nd5 f5 19. exf5 Bxf5 20. Qg3 Kh7 21. Bd2 Qd7 22.
Be4 Nc7 23. Nxc7 Bxe4 24. dxe4 Qxc7 25. Rf2 Qe7 26. Raf1 Kg8 27. Qh2 Rxf2 28.
Rxf2 Rf8 29. h7+ {Benkku resigns} 1-0

[Event "ICS rated blitz match"]
[Site "freechess.org"]
[Date "2003.09.17"]
[Round "?"]
[White "Andrzej"]
[Black "capablancachess"]
[Result "1-0"]
[WhiteElo "1716"]
[BlackElo "1866"]
[PlyCount "63"]

1. e4 c6 2. d4 d5 3. e5 Bf5 4. Bd3 Bxd3 5. Qxd3 e6 6. Nf3 c5 7. c3 Nc6 8. O-O
Qb6 9. b3 cxd4 10. cxd4 Nge7 11. Be3 Nf5 12. Nbd2 Ba3 13. g4 Nxe3 14. fxe3 O-O
15. h4 f6 16. exf6 Rxf6 17. Ng5 Rxf1+ 18. Rxf1 g6 19. Nxh7 Ne7 20. Nf6+ Kg7 21.
h5 Qa5 22. Kg2 Bd6 23. h6+ Kxh6 24. Rh1+ Kg7 25. Nd7 Nc6 26. Ne5 Nxe5 27. dxe5
Bxe5 28. Nf3 Bf6 29. g5 Be7 30. Ne5 Bd6 31. Qxg6+ Kf8 32. Qf7# {
capablancachess checkmated} 1-0

[Event "ICS rated blitz match"]
[Site "freechess.org"]
[Date "2003.09.17"]
[Round "?"]
[White "Andrzej"]
[Black "claytonborges"]
[Result "1-0"]
[WhiteElo "1727"]
[BlackElo "1765"]
[PlyCount "37"]

1. e4 e5 2. Nf3 Nf6 3. Nxe5 d6 4. Nf3 Nxe4 5. Qe2 Qe7 6. d3 Nf6 7. Nc3 Qxe2+ 8.
Bxe2 Be7 9. Be3 c6 10. O-O-O Bg4 11. Rhe1 O-O 12. h3 Bh5 13. g4 Bg6 14. Nh2 h5
15. f4 hxg4 16. hxg4 Nbd7 17. g5 Nh5 18. Bg4 Ng3 19. Bxd7 {
claytonborges resigns} 1-0

[Event "ICS rated blitz match"]
[Site "freechess.org"]
[Date "2003.09.17"]
[Round "?"]
[White "BLACKisOK"]
[Black "Andrzej"]
[Result "0-1"]
[WhiteElo "1777"]
[BlackElo "1745"]
[PlyCount "61"]

1. e3 e5 2. g4 d5 3. c4 dxc4 4. Na3 Bxa3 5. Qa4+ Nc6 6. Qxa3 Bxg4 7. Bxc4 Nge7
8. Ne2 Bxe2 9. Kxe2 Qd6 10. Qc3 Nd5 11. Qb3 O-O-O 12. Rg1 Na5 13. Qc2 Nb4 14.
Qf5+ Kb8 15. Bxf7 g6 16. Qe4 Rhf8 17. a3 Nd3 18. Bc4 Rxf2+ 19. Kd1 Nxb2+ 20.
Ke1 Nbxc4 21. Kxf2 Nxd2 22. Qb4 Qf6+ 23. Ke1 Nf3+ 24. Kf1 Nxg1+ 25. Kxg1 Rd1+
26. Kg2 Qg5+ 27. Kf2 Nc6 28. Qe4 Qg1+ 29. Kf3 Rf1+ 30. Ke2 Qf2+ 31. Kd3 {
BLACKisOK forfeits on time} 0-1

[Event "ICS rated blitz match"]
[Site "freechess.org"]
[Date "2003.09.18"]
[Round "?"]
[White "Andrzej"]
[Black "Musio"]
[Result "1-0"]
[WhiteElo "1754"]
[BlackElo "1745"]
[PlyCount "33"]

1. e4 e6 2. d4 d5 3. exd5 exd5 4. c4 Bb4+ 5. Nc3 Qe7+ 6. Be3 Nf6 7. h3 O-O 8.
a3 Bxc3+ 9. bxc3 Re8 10. Bd3 dxc4 11. Bxc4 Ne4 12. Ne2 Nc6 13. O-O Qh4 14. Kh2
Bf5 15. Ng3 Nxc3 16. Qb3 Rxe3 17. fxe3 {Musio resigns} 1-0

[Event "ICS rated blitz match"]
[Site "freechess.org"]
[Date "2003.09.18"]
[Round "?"]
[White "deana"]
[Black "Andrzej"]
[Result "0-1"]
[WhiteElo "1896"]
[BlackElo "1768"]
[PlyCount "78"]

1. e4 e6 2. d4 d5 3. e5 c5 4. c3 Nc6 5. Be3 Qb6 6. Qd2 cxd4 7. cxd4 Bb4 8. Nc3
Na5 9. f4 Bd7 10. Nf3 Rc8 11. Rc1 Nc4 12. Bxc4 Rxc4 13. O-O Ne7 14. a3 Bxc3 15.
Rxc3 Rxc3 16. bxc3 O-O 17. Qc2 Nf5 18. Bf2 Bb5 19. Rd1 Rc8 20. g4 Ne7 21. Ng5
g6 22. h4 Qa5 23. Be1 Ba4 24. Qc1 Bxd1 25. Qxd1 Qxa3 26. h5 Qa2 27. hxg6 hxg6
28. Qd3 Kg7 29. Qb5 Rh8 30. Nf3 a6 31. Qd7 Ng8 32. f5 gxf5 33. gxf5 Qe2 34. f6+
Kg6 35. Nh4+ Rxh4 36. Bxh4 Qg4+ 37. Kf1 Qxh4 38. Qe8 Nxf6 39. Qf8 39... Ne4 {
deana resigns} 0-1

[Event "ICS rated blitz match"]
[Site "freechess.org"]
[Date "2003.09.18"]
[Round "?"]
[White "deana"]
[Black "Andrzej"]
[Result "1-0"]
[WhiteElo "1891"]
[BlackElo "1773"]
[PlyCount "106"]

1. e4 e6 2. d4 d5 3. Nc3 dxe4 4. Nxe4 Nf6 5. Nxf6+ gxf6 6. Nf3 Nc6 7. Be2 b6 8.
O-O Bb7 9. Bf4 h5 10. c4 Bd6 11. Bxd6 Qxd6 12. d5 Ne5 13. Nxe5 Qxe5 14. Bf3
O-O-O 15. Qa4 Kb8 16. c5 Bxd5 17. cxb6 axb6 18. Rfe1 Qg5 19. Re3 Rhg8 20. Ra3
Bxf3 21. g3 Qa5 22. Qxa5 bxa5 23. Rxf3 Rd2 24. Rxf6 Rxb2 25. Rxf7 Rd8 26. Rc1
Rxa2 27. Rcxc7 a4 28. Rb7+ Kc8 29. Ra7 Kb8 30. Rfb7+ Kc8 31. Rf7 Kb8 32. Rae7
a3 33. Rxe6 Ra1+ 34. Kg2 a2 35. Ra6 Rd2 36. Rfa7 Rb2 37. h3 Rc2 38. Ra3 Rb2 39.
g4 hxg4 40. hxg4 Rc2 41. Kf3 Rf1 42. Kf4 Rfxf2+ 43. Kg5 Rg2 44. Kh5 Rc5+ 45.
Kh4 Rcc2 46. R3a4 Rh2+ 47. Kg5 Rhg2 48. Kf5 Rcf2+ 49. Kg5 Rh2 50. Kg6 Rhg2 51.
g5 Rh2 52. Kg7 Rhg2 53. g6 53... Rh2 {Andrzej forfeits on time} 1-0

[Event "ICS rated blitz match"]
[Site "freechess.org"]
[Date "2003.09.18"]
[Round "?"]
[White "deana"]
[Black "Andrzej"]
[Result "0-1"]
[WhiteElo "1901"]
[BlackElo "1763"]
[PlyCount "78"]

1. e4 e6 2. d4 d5 3. e5 c5 4. Nf3 Nc6 5. Bd3 Qb6 6. O-O Bd7 7. Re1 c4 8. Bf1
Nge7 9. b3 cxb3 10. axb3 Nf5 11. c3 a6 12. Bd3 Nfe7 13. Ba3 Ng6 14. Bxf8 Rxf8
15. Ng5 h6 16. Nxf7 Kxf7 17. Qh5 Nce7 18. Re3 Qxb3 19. Nd2 Qb2 20. Rd1 Be8 21.
Rg3 Rc8 22. Bxg6+ Nxg6 23. Qxg6+ Ke7 24. Qxg7+ Rf7 25. Qxh6 Rxc3 26. Qh4+ Kd7
27. Rxc3 Qxc3 28. Nf3 Qc2 29. Re1 b5 30. Qh6 b4 31. Rc1 Qf5 32. Qd2 a5 33. Qa2
Ke7 34. Qxa5 Kf8 35. Qxb4+ Kg7 36. Rc8 Bd7 37. Ra8 Qd3 38. Qb8 Qd1+ 39. Ne1
39... Qxe1# {deana checkmated} 0-1

[Event "ICS rated blitz match"]
[Site "freechess.org"]
[Date "2003.09.18"]
[Round "?"]
[White "Andrzej"]
[Black "deana"]
[Result "1-0"]
[WhiteElo "1757"]
[BlackElo "1907"]
[PlyCount "81"]

1. e4 e5 2. Nf3 Nc6 3. Bc4 Bc5 4. c3 Bb6 5. d4 Qe7 6. O-O Nf6 7. Re1 d6 8. dxe5
Nxe5 9. Nxe5 dxe5 10. Bg5 h6 11. Bh4 O-O 12. Nd2 Be6 13. Qf3 Rad8 14. Bxe6 Qxe6
15. Bxf6 Qxf6 16. Qxf6 gxf6 17. Nc4 Rd3 18. Nxb6 axb6 19. Rad1 Rfd8 20. Rxd3
Rxd3 21. Kf1 Rd2 22. Re2 Rd1+ 23. Re1 Rd2 24. Re2 Rd6 25. Ke1 Kg7 26. Rd2 Kg6
27. Rxd6 cxd6 28. Ke2 f5 29. f3 fxe4 30. fxe4 f5 31. Ke3 fxe4 32. Kxe4 Kg5 33.
a4 Kg4 34. c4 h5 35. b4 h4 36. a5 bxa5 37. bxa5 h3 38. gxh3+ Kxh3 39. c5 dxc5
40. Kxe5 Kxh2 41. Kd5 {deana resigns} 1-0

[Event "ICS rated blitz match"]
[Site "freechess.org"]
[Date "2003.09.18"]
[Round "?"]
[White "Andrzej"]
[Black "deana"]
[Result "0-1"]
[WhiteElo "1779"]
[BlackElo "1885"]
[PlyCount "50"]

1. e4 e5 2. Nf3 Nc6 3. Bc4 Bc5 4. c3 Nf6 5. d4 exd4 6. cxd4 Bb4+ 7. Nc3 Nxe4 8.
O-O Nxc3 9. bxc3 Be7 10. Re1 O-O 11. Ne5 Nxe5 12. Rxe5 d6 13. Rh5 g6 14. Bh6
Re8 15. Qf3 Be6 16. Bd3 Bf8 17. Bxf8 Rxf8 18. Rb5 b6 19. Re1 Re8 20. d5 Bd7 21.
Rbb1 Qg5 22. h3 Re5 23. Rxe5 Qxe5 24. c4 Re8 25. Kf1 25... Qh2 {
Andrzej resigns} 0-1

[Event "ICS rated blitz match"]
[Site "freechess.org"]
[Date "2003.09.18"]
[Round "?"]
[White "Andrzej"]
[Black "deana"]
[Result "0-1"]
[WhiteElo "1768"]
[BlackElo "1896"]
[PlyCount "42"]

1. e4 Nc6 2. d4 d5 3. exd5 Qxd5 4. Nf3 Bg4 5. Be2 O-O-O 6. Nc3 Qa5 7. Be3 Nf6
8. O-O e6 9. h3 h5 10. a3 Bd6 11. b4 Qf5 12. Nh4 Qh7 13. hxg4 hxg4 14. g3 Qh5
15. Qd2 e5 16. Bg5 Nxd4 17. Bxf6 gxf6 18. Ne4 Be7 19. Qe3 f5 20. Nc5 Bxh4 21.
Qxe5 21... Bf6 {Andrzej resigns} 0-1

[Event "ICS rated blitz match"]
[Site "freechess.org"]
[Date "2003.09.18"]
[Round "?"]
[White "Andrzej"]
[Black "deana"]
[Result "0-1"]
[WhiteElo "1774"]
[BlackElo "1890"]
[PlyCount "46"]

1. e4 e5 2. Nf3 Nc6 3. Bc4 Nf6 4. d4 exd4 5. O-O Bc5 6. e5 d5 7. exf6 dxc4 8.
fxg7 Rg8 9. Re1+ Be6 10. Bg5 Qd5 11. Nc3 Qf5 12. Ne4 Rxg7 13. Nxc5 Qxc5 14. Bf6
Rg6 15. Bxd4 Qd5 16. c3 O-O-O 17. Qe2 Rxg2+ 18. Kxg2 Rg8+ 19. Kh1 Bg4 20. Qe8+
Rxe8 21. Rxe8+ Kd7 22. Rae1 Bxf3+ 23. Kg1 23... Qg5+ {Andrzej resigns} 0-1

[Event "ICS rated blitz match"]
[Site "freechess.org"]
[Date "2003.09.18"]
[Round "?"]
[White "Andrzej"]
[Black "konijn"]
[Result "1-0"]
[WhiteElo "1774"]
[BlackElo "1799"]
[PlyCount "85"]

1. e4 c5 2. Nc3 e6 3. g3 Nc6 4. Bg2 g6 5. f4 Bg7 6. Nf3 d6 7. d3 Nge7 8. O-O
O-O 9. Rb1 a6 10. a4 Rb8 11. h3 b5 12. axb5 axb5 13. g4 b4 14. Ne2 f5 15. gxf5
exf5 16. Kh1 Bb7 17. Rg1 Kh8 18. h4 d5 19. e5 c4 20. h5 Ba6 21. Nfd4 Nxd4 22.
Nxd4 c3 23. Ne6 Qb6 24. Nxf8 Bxf8 25. bxc3 Qa7 26. cxb4 Nc6 27. Bxd5 Nxb4 28.
Bf3 Qf2 29. hxg6 hxg6 30. Rg2 Qd4 31. Rxg6 Bc5 32. Bd5 Qg1+ 33. Rxg1 Bxg1 34.
Qxg1 Bxd3 35. Rxb4 Be4+ 36. Rxe4 fxe4 37. Bb2 Kh7 38. Bxe4+ Kh8 39. e6+ Rxb2
40. Qd4+ Kg8 41. Qxb2 Kf8 42. Qf6+ Ke8 43. Bc6# {konijn checkmated} 1-0

[Event "ICS rated blitz match"]
[Site "freechess.org"]
[Date "2003.09.19"]
[Round "?"]
[White "Andrzej"]
[Black "chessloyal"]
[Result "1-0"]
[WhiteElo "1754"]
[BlackElo "1682"]
[PlyCount "73"]

1. e4 c5 2. Nc3 Nc6 3. g3 g6 4. Bg2 Bg7 5. f4 d6 6. Nf3 Nf6 7. d3 O-O 8. O-O
Bg4 9. h3 Bd7 10. g4 Qc8 11. f5 a6 12. a4 e6 13. g5 Nh5 14. f6 Bh8 15. Kh2 h6
16. gxh6 Bxf6 17. Ng5 Bxg5 18. Bxg5 Kh7 19. Bf3 Ne5 20. Bxh5 gxh5 21. Qxh5 Ng6
22. Rf6 Be8 23. Raf1 Qd7 24. Qg4 Rg8 25. h4 Ne5 26. Qf4 b5 27. Ne2 Ng6 28. Qg4
Ne5 29. Qf4 Ng6 30. Qg3 bxa4 31. Nf4 Rb8 32. Nh5 Rxb2 33. Rxg6 Rxg6 34. Nf6+
Rxf6 35. Bxf6 Rxc2+ 36. Kh1 Kxh6 37. Qg5+ {chessloyal resigns} 1-0

[Event "ICS rated blitz match"]
[Site "freechess.org"]
[Date "2003.09.19"]
[Round "?"]
[White "Andrzej"]
[Black "rroussel"]
[Result "1-0"]
[WhiteElo "1748"]
[BlackElo "1954"]
[PlyCount "87"]

1. e4 c5 2. Nc3 d6 3. g3 Nc6 4. Bg2 g6 5. f4 Bg7 6. Nf3 e6 7. d3 Nge7 8. O-O
O-O 9. g4 d5 10. e5 d4 11. Ne4 Nd5 12. Nxc5 b6 13. Ne4 Ba6 14. Re1 Rc8 15. h3
Rc7 16. Kh2 Ncb4 17. Re2 Qc8 18. Nd6 Qd7 19. a3 Nc6 20. Re4 Rd8 21. Nxd4 Bf8
22. Nxc6 Rxc6 23. Ra4 Bxd6 24. exd6 Bb5 25. Rd4 Rxd6 26. c4 Bxc4 27. dxc4 Qe7
28. cxd5 exd5 29. Bd2 Qf6 30. Bb4 Rc6 31. Rd2 d4 32. Bxc6 Qxc6 33. Kg3 Qe4 34.
Rd3 g5 35. Qf3 gxf4+ 36. Kg2 Qe5 37. Rad1 Rc8 38. R1d2 Rc1 39. Rxd4 Qe1 40.
Rd8+ Kg7 41. Bc3+ f6 42. Qb7+ Kg6 43. Rg8+ Kh6 44. Qg7# {rroussel checkmated}
1-0

[Event "ICS rated blitz match"]
[Site "freechess.org"]
[Date "2003.09.19"]
[Round "?"]
[White "MarkRenton"]
[Black "Andrzej"]
[Result "0-1"]
[WhiteElo "1733"]
[BlackElo "1746"]
[PlyCount "72"]

1. e4 e6 2. d4 d5 3. e5 c5 4. c3 Nc6 5. Nf3 Nge7 6. Na3 Nf5 7. Nc2 Qb6 8. g4
Nfe7 9. Bd3 Bd7 10. O-O c4 11. Be2 O-O-O 12. b3 cxb3 13. axb3 Qxb3 14. Bd2 Qb6
15. Na3 Na5 16. Qc2 Nec6 17. Rab1 Qc7 18. Nb5 Qb8 19. c4 Nxc4 20. Bxc4 dxc4 21.
Qxc4 a6 22. Nc3 Qc7 23. Ne4 b5 24. Qc2 Kb7 25. Rfc1 Rc8 26. Qb3 Qb6 27. Nc5+
Bxc5 28. Rxc5 Nxd4 29. Nxd4 Rxc5 30. Be3 Rcc8 31. Qd1 Qc7 32. Rc1 Qxe5 33. Qf3+
Kb8 34. Ra1 Bc6 35. Nxc6+ Rxc6 36. Qxf7 36... Qxa1+ {MarkRenton resigns} 0-1

[Event "ICS rated blitz match"]
[Site "freechess.org"]
[Date "2003.09.19"]
[Round "?"]
[White "knackie"]
[Black "Andrzej"]
[Result "0-1"]
[WhiteElo "1771"]
[BlackElo "1754"]
[PlyCount "64"]

1. e4 e6 2. d4 d5 3. e5 c5 4. c3 Nc6 5. Nf3 Bd7 6. Bd3 Qb6 7. O-O Nge7 8. dxc5
Qxc5 9. Bf4 Ng6 10. Bg3 Qb6 11. b4 a5 12. b5 Nce7 13. a4 Rc8 14. Qe2 Ng8 15. h4
Bc5 16. Nbd2 Nh6 17. h5 Ne7 18. Nb3 Nef5 19. Bf4 g6 20. Bg5 Ng3 21. Qd2 Nxf1
22. Rxf1 Nf5 23. Bf6 Rg8 24. Bxf5 gxf5 25. Nbd4 Be7 26. Qh6 Bxf6 27. exf6 Rxc3
28. Qxh7 Rf8 29. h6 e5 30. Nxf5 Qxf6 31. Ng7+ Ke7 32. Re1 32... e4 {
knackie resigns} 0-1

[Event "ICS rated blitz match"]
[Site "freechess.org"]
[Date "2003.09.19"]
[Round "?"]
[White "Andrzej"]
[Black "Wilquin"]
[Result "1-0"]
[WhiteElo "1754"]
[BlackElo "1620"]
[PlyCount "57"]

1. e4 c5 2. Nc3 Nc6 3. g3 d6 4. Bg2 g6 5. f4 Bg7 6. Nf3 e5 7. d3 Bg4 8. O-O Nd4
9. h3 Bxf3 10. Bxf3 Nxf3+ 11. Qxf3 Ne7 12. g4 O-O 13. f5 gxf5 14. gxf5 Nc6 15.
f6 Nd4 16. Qf2 Bxf6 17. Qxf6 Qxf6 18. Rxf6 Rad8 19. Bh6 Rfe8 20. Kh1 Re6 21.
Rg1+ Kh8 22. Bg7+ Kg8 23. Nd5 Ne2 24. Rg4 h5 25. Rg5 Nf4 26. Nxf4 exf4 27. Rxe6
fxe6 28. Bf6+ Kf7 29. Bxd8 {Wilquin resigns} 1-0

[Event "ICS rated blitz match"]
[Site "freechess.org"]
[Date "2003.09.19"]
[Round "?"]
[White "Andrzej"]
[Black "tonit"]
[Result "1-0"]
[WhiteElo "1765"]
[BlackElo "1645"]
[PlyCount "75"]

1. e4 c5 2. Nc3 Nc6 3. g3 g6 4. Bg2 Bg7 5. f4 e6 6. Nf3 Nge7 7. O-O O-O 8. g4
d5 9. d3 e5 10. exd5 Nxd5 11. Nxd5 Qxd5 12. h3 f5 13. g5 exf4 14. Bxf4 Nd4 15.
Kh1 Qd8 16. Nxd4 cxd4 17. Qf3 Qb6 18. b3 Re8 19. Qd5+ Kh8 20. Rae1 Be6 21. Qxb7
Qxb7 22. Bxb7 Rad8 23. Be5 Bxe5 24. Rxe5 Bf7 25. Rfe1 Kg7 26. Rxe8 Rxe8 27.
Rxe8 Bxe8 28. Kg2 Kf7 29. Kf3 Ke6 30. Kf4 Kd6 31. a3 a5 32. b4 axb4 33. axb4
Ba4 34. Ba6 Bxc2 35. Bc4 Ba4 36. Bg8 Be8 37. Bxh7 Bf7 38. h4 {
tonit forfeits on time} 1-0

[Event "ICS rated lightning match"]
[Site "freechess.org"]
[Date "2003.09.19"]
[Round "?"]
[White "Andrzej"]
[Black "mandre"]
[Result "1-0"]
[WhiteElo "1842"]
[BlackElo "1855"]
[PlyCount "29"]

1. e4 c6 2. Nf3 e6 3. d4 d5 4. Nc3 Ne7 5. exd5 exd5 6. Bd3 Ng6 7. O-O Be7 8.
Re1 O-O 9. Ne5 f6 10. Nxg6 hxg6 11. Bxg6 Bd6 12. Bh6 f5 13. Qh5 Qf6 14. Bg5 Qe6
15. Qh7# {mandre checkmated} 1-0

[Event "ICS rated blitz match"]
[Site "freechess.org"]
[Date "2003.09.19"]
[Round "?"]
[White "Filosofo"]
[Black "Andrzej"]
[Result "1-0"]
[WhiteElo "1993"]
[BlackElo "1770"]
[PlyCount "99"]

1. Nf3 d5 2. c4 dxc4 3. Na3 Nf6 4. Nxc4 Nc6 5. d3 Bg4 6. g3 e6 7. Bg2 Bd6 8.
O-O O-O 9. b3 Qd7 10. Bb2 Nd5 11. Rc1 Nb6 12. a3 Nxc4 13. Rxc4 Bh5 14. b4 a6
15. Qc2 Rad8 16. Rd1 Ne7 17. e4 Nc6 18. e5 Be7 19. d4 Bg6 20. Qc1 Bh5 21. Rd3
f6 22. Ne1 Qe8 23. Bxc6 bxc6 24. Rxc6 fxe5 25. dxe5 Rxd3 26. Nxd3 Bf3 27. Rxa6
Qh5 28. Rxe6 Bg5 29. Qf1 Rd8 30. Ra6 Be4 31. Nc5 Rd1 32. Nxe4 Rxf1+ 33. Kxf1
Qd1+ 34. Kg2 Be7 35. Ra8+ Kf7 36. f3 Qc2+ 37. Kh3 Qxb2 38. Kg4 Qxe5 39. h4 h5+
40. Kh3 Qf5+ 41. Kg2 c6 42. Nf2 Qc2 43. Ra7 c5 44. Rb7 Kf6 45. Rb6+ Kf5 46. Rb5
Kf6 47. Rb6+ Kf7 48. Rc6 c4 49. Rc5 c3 50. Rf5+ {Andrzej forfeits on time}
1-0

[Event "ICS rated blitz match"]
[Site "freechess.org"]
[Date "2003.09.20"]
[Round "?"]
[White "Andrzej"]
[Black "Trysilknut"]
[Result "1-0"]
[WhiteElo "1766"]
[BlackElo "1781"]
[PlyCount "73"]

1. e4 e5 2. Nf3 Nc6 3. Bc4 Bc5 4. c3 Nf6 5. d4 exd4 6. cxd4 Bb4+ 7. Nc3 d5 8.
exd5 Nxd5 9. O-O Bxc3 10. bxc3 O-O 11. Bd2 Bg4 12. h3 Bh5 13. Re1 Qd7 14. g4
Bg6 15. Ne5 Nxe5 16. Rxe5 c6 17. f4 h6 18. f5 Bh7 19. Qc1 Rfe8 20. Bxh6 Rxe5
21. dxe5 Nxc3 22. Qxc3 gxh6 23. Bb3 Re8 24. Rd1 Qe7 25. e6 f6 26. Qe3 Qg7 27.
Rd7 Re7 28. Rd8+ Qf8 29. Rxf8+ Kxf8 30. Qxh6+ Kg8 31. Qxf6 Rg7 32. e7+ Kh8 33.
Qf8+ Bg8 34. e8=Q a5 35. Bxg8 b5 36. Qh5+ Rh7 37. Qxh7# {Trysilknut checkmated}
1-0

[Event "ICS rated blitz match"]
[Site "freechess.org"]
[Date "2003.09.20"]
[Round "?"]
[White "Andrzej"]
[Black "wouterw"]
[Result "1-0"]
[WhiteElo "1739"]
[BlackElo "1713"]
[PlyCount "119"]

1. e4 c5 2. Nc3 d6 3. g3 Nf6 4. Bg2 e6 5. f4 Nc6 6. Nf3 Be7 7. O-O Qc7 8. h3 a6
9. a4 b6 10. g4 Nd4 11. d3 Bb7 12. Ne2 Nc6 13. Ng3 Nd4 14. c3 Nxf3+ 15. Qxf3 d5
16. e5 Nd7 17. g5 Rb8 18. Qf2 g6 19. h4 Bf8 20. h5 Bg7 21. Bf3 Bc6 22. Kg2 a5
23. Bd2 Bf8 24. Rh1 Be7 25. hxg6 fxg6 26. Nf1 c4 27. d4 b5 28. axb5 Bxb5 29.
Nh2 Ra8 30. Ng4 Qb6 31. Nf6+ Nxf6 32. gxf6 Bf8 33. Bg4 Kd7 34. Rh3 h5 35. Bf3
Ra7 36. Qg3 Kc6 37. Qxg6 Bh6 38. Rxh5 Raa8 39. Kf2 Rag8 40. Qf7 Re8 41. Bg4
Rhf8 42. Qh7 Rh8 43. Qc2 Kb7 44. Rah1 Qc6 45. Rxh6 Rhf8 46. Rh7+ Kb6 47. Qg6
Rg8 48. Rg7 Rgf8 49. Rhh7 Ba6 50. Re7 Rb8 51. Rhf7 Rg8 52. Rg7 Rh8 53. f7 Rh2+
54. Kg3 Rhh8 55. Rxe6 Rbc8 56. Rxc6+ Rxc6 57. Qg5 Rch6 58. Rg6+ Rxg6 59. Qxg6+
Kb5 60. Bd7# {wouterw checkmated} 1-0

[Event "ICS rated blitz match"]
[Site "freechess.org"]
[Date "2003.09.20"]
[Round "?"]
[White "Andrzej"]
[Black "wouterw"]
[Result "1-0"]
[WhiteElo "1753"]
[BlackElo "1699"]
[PlyCount "77"]

1. e4 c6 2. d4 d5 3. e5 e6 4. Nf3 c5 5. c3 cxd4 6. cxd4 Nc6 7. Nc3 Qc7 8. Bd3
a6 9. O-O b5 10. a3 Bb7 11. Be3 Rc8 12. Rc1 g6 13. Ne2 Bg7 14. Nh4 Nge7 15. f4
Qd7 16. g4 Na5 17. Rxc8+ Bxc8 18. Bd2 Nc4 19. Bxc4 bxc4 20. Nc3 Bb7 21. Qc2 Nc6
22. Be3 Na5 23. f5 gxf5 24. gxf5 Bc8 25. Kh1 Bf8 26. fxe6 Qxe6 27. Qa4+ Bd7 28.
Qxa5 Be7 29. Nf5 Bd8 30. Qc5 Rg8 31. Nd6+ Kf8 32. Bh6+ Rg7 33. Rxf7+ Kg8 34.
Rxg7+ Kf8 35. Nf5+ Be7 36. Rxe7+ Kg8 37. Rg7+ Kh8 38. Qf8+ Qg8 39. Qxg8# {
wouterw checkmated} 1-0